| 000 | 00536nam a2200217Ia 4500 | ||
|---|---|---|---|
| 003 | OSt | ||
| 005 | 20220609104023.0 | ||
| 008 | 210210b1999 xxu||||| |||| 00| 0 eng d | ||
| 020 | _a0 7069 9960 6 | ||
| 040 | _cAL | ||
| 041 | _aEng | ||
| 082 | _a657.42 AROC | ||
| 100 |
_aARORA (M N). _941352 |
||
| 245 | _aCost accounting: principles and practice | ||
| 250 | _a5 | ||
| 260 |
_aNew Delhi _bVikas Publishing House Pvt. ltd. _c1999 |
||
| 300 | _ax,874 | ||
| 690 |
_aCost Accounting _941353 |
||
| 906 | _a054499 | ||
| 942 |
_2ddc _cBK |
||
| 999 |
_c102624 _d102624 |
||